000 00282nam a22001217a 4500
005 20250923114246.0
008 250923b |||||||| |||| 00| 0 eng d
050 _aPQ845
_bAUJ
245 _aAUJOURD'HUI... MAIS DEMAIN?
260 _aIBADAN
_c1978
300 _a63p
942 _2lcc
_cBK
_n0
999 _c7637
_d7637